000 00710nam a2200217 a 4500
001 50202
003 BD-RjUL
005 20211209075455.0
008 160824b1957 pk ||||| |||| 00| 0 eng d
035 _a(BD-RjUL)50322
040 _aBD-RjUL
_beng
_cBD-RjUL
041 _aeng
082 _223
_a379.5492
_bREP 1957
110 _aEast Pakistan (Pakistan). Educational Reform Commission
_9150486
245 0 0 _aReport of the Educational Reforms Commission East Pakistan 1957
260 _aDacca :
_bEast Pakistan Government Press,
_c1957
300 _a183 p. ;
_c24 cm.
650 _aEducation
_xBangladesh
_9150487
710 _aEast Pakistan (Pakistan). Educational Reform Commission
_9150486
942 _2ddc
_cBK
999 _c50202
_d50202